000 00484nam a2200217Ia 4500
001 10574
003 GE_BSU
008 181216s||||||||xx |||||||||||||| ||und||
020 _a0194513912
040 _cGE_BSU
080 _a338.22
100 _aHollett,Vicki.
245 _aBusiness Objectives.
250 _aNew Edition.
260 _bOxford University Press.
260 _c1996.
300 _a191p;22cm.
541 _h36Gel.
653 _aBusiness Objectives.
942 _cBK
999 _c43829
_d43829